Dictámen emitido por el... Marqués de Mudela sobre varios temas de viticultura y vinicultura. (Record no. 160319)

MARC details
000 -LEADER
campo de control de longitud fija 00932nam a22002175i 4500
001 - NÚMERO DE CONTROL
campo de control 160319
003 - IDENTIFICADOR DE NÚMERO DE CONTROL
campo de control ES-MaACL
005 - FECHA Y HORA DE LA ÚLTIMA TRANSACCIÓN
campo de control 20250927162253.0
008 - DATOS DE LONGITUD FIJA--INFORMACIÓN GENERAL
campo de control de longitud fija 040921s1875 sp |||| | spa d
040 ## - FUENTE DE CATALOGACIÓN
Centro catalogador/agencia de origen CAM
Lengua de catalogación spa
Centro/agencia transcriptor CAM
100 1# - ENTRADA PRINCIPAL--NOMBRE DE PERSONA
Nombre de persona Mudela, Francisco de las Rivas y Ubieta
Títulos y otros términos asociados al nombre Marqués de,
Fechas asociadas al nombre 1808-1882
9 (RLIN) 154827
245 10 - MENCIÓN DEL TÍTULO
Título Dictámen emitido por el... Marqués de Mudela sobre varios temas de viticultura y vinicultura.
260 ## - PUBLICACIÓN, DISTRIBUCIÓN, ETC.
Lugar de publicación, distribución, etc. Madrid :
Nombre del editor, distribuidor, etc. [s.n.],
Fecha de publicación, distribución, etc. 1875 (
Fabricante Imprenta de T. Fortanet)
300 ## - DESCRIPCIÓN FÍSICA
Extensión 20 p. ;
Dimensiones 25 cm.
530 ## - NOTA DISPONIBLE DE FORMULARIO FÍSICO ADICIONAL
Nota de formato físico adicional disponible Disponible en formato digital.
594 ## - Nota al título y mención de responsabilidad
Nota al título y mención de responsabilidad Precede al tít.: Consejo Superior de Agricultura, Industria y Comercio.
650 #4 - PUNTO DE ACCESO ADICIONAL DE MATERIA--TÉRMINO DE MATERIA
Término de materia o nombre geográfico como elemento de entrada Viticultura.
9 (RLIN) 136993
852 ## - LOCALIZACIÓN
Ubicación ES-MaACL
Número de control de estantería T-666-F-9
Nota libre -- Enc. hol., conservando la cub. original
-- -- Enc. en un vol. facticio
856 ## - LOCALIZACIÓN Y ACCESO ELECTRÓNICOS
Identificador Uniforme de Recursos <a href="http://bdh-rd.bne.es/viewer.vm?id=0000075293&page=1 ">http://bdh-rd.bne.es/viewer.vm?id=0000075293&page=1 </a>
Nota pública Biblioteca Digital Hispánica
Holdings
Estatus retirado Estado de pérdida Estado de daño No para préstamo Colección Biblioteca de origen Biblioteca actual Ubicación en estantería Fecha de adquisición Total de préstamos Signatura topográfica completa Código de barras Visto por última vez Precio de reemplazo Tipo de ítem Koha
        Colección de folletos Biblioteca del Ateneo de Madrid Biblioteca del Ateneo de Madrid Depósito folletos 17/01/2008   T-666-F-9 1167866 23/02/2023 23/02/2023 Folleto